Most hated football teams from an LSU fan - Statistics

General Stats
  • This quiz has been taken 122 times
  • The average score is 5 of 15
Answer Stats
Hint Answer % Correct
Elephant alabama
100%
swamp florida
90%
dog georgia
88%
rebellions ole miss
86%
dog mississippi state
61%
indians florida state
26%
bucks ohio state
25%
lions penn state
14%
got long horns texas longhorns
13%
very cajun ragin cajuns
11%
Alabama's little brother auburn tigers
8%
recently shaved arkansas razorbacks
4%
they will be dead SOON Oklahoma sooners
4%
lonestar texas atm
2%
loves bread oregon ducks
1%
No matching quizzes found
Score Distribution
Percent of People with Each Score
Percentile by Number Answered
Your Score History
You have not taken this quiz